[Event "IMSA Elite Mind Games (Blitz)"]
[Site "Huai'an CHN"]
[Date "2016.02.28"]
[EventDate "2016.02.28"]
[Round "4.4"]
[Result "1/2-1/2"]
[White "Sergei Movsesian"]
[Black "Leinier Dominguez Perez"]
[WhiteElo "2653"]
[BlackElo "2732"]
[PlyCount "63"]

1. e4 c5 2. Nf3 d6 3. d4 cxd4 4. Nxd4 Nf6 5. Nc3 a6 6. a4 g6
7. Be2 Bg7 8. O-O Nc6 9. Be3 O-O 10. Qd2 Bd7 11. Nb3 Na5
12. Nxa5 Qxa5 13. Rfd1 Rfc8 14. Bd4 Be6 15. Bxf6 exf6 16. Bd3
f5 17. exf5 Bxc3 18. bxc3 Bxf5 19. Bxf5 Qxf5 20. Rab1 b5
21. axb5 axb5 22. h3 Ra2 23. Qd3 Qxd3 24. Rxd3 Rxc2 25. Rxb5
R8xc3 26. Rxd6 Rc6 27. Rxc6 Rxc6 28. g3 h5 29. h4 Kg7 30. Kg2
Kg8 31. Kg1 Kg7 32. Kg2 1/2-1/2

[Event "IMSA Elite Mind Games (Blitz)"]
[Site "Huai'an CHN"]
[Date "2016.02.28"]
[EventDate "2016.02.28"]
[Round "5.5"]
[Result "0-1"]
[White "Leinier Dominguez Perez"]
[Black "Radoslaw Wojtaszek"]
[WhiteElo "2732"]
[BlackElo "2727"]
[PlyCount "60"]

1. e4 c5 2. c4 Nc6 3. Nc3 g6 4. g3 Bg7 5. Bg2 d6 6. d3 e6
7. Nge2 Nge7 8. O-O O-O 9. Rb1 b6 10. a3 Bb7 11. b4 Qd7
12. Bg5 h6 13. Be3 Nd4 14. f4 f5 15. Qd2 Kh7 16. Rbe1 Rae8
17. Bf2 Nec6 18. b5 Nxe2+ 19. Nxe2 Nd4 20. Nxd4 cxd4 21. exf5
gxf5 22. Bxb7 Qxb7 23. Qd1 e5 24. Qh5 e4 25. dxe4 fxe4 26. f5
Qf7 27. Qxf7 Rxf7 28. g4 e3 29. Bh4 d3 30. f6 e2 0-1

[Event "IMSA Elite Mind Games (Blitz)"]
[Site "Huai'an CHN"]
[Date "2016.02.28"]
[EventDate "2016.02.28"]
[Round "6.5"]
[Result "1-0"]
[White "Pentala Harikrishna"]
[Black "Leinier Dominguez Perez"]
[WhiteElo "2753"]
[BlackElo "2732"]
[PlyCount "69"]

1. e4 c5 2. Nf3 d6 3. d4 cxd4 4. Nxd4 Nf6 5. Nc3 a6 6. h3 e5
7. Nde2 h5 8. g3 Nbd7 9. a4 b6 10. Nd5 Nxd5 11. Qxd5 Rb8
12. Nc3 Bb7 13. Qa2 Be7 14. Be3 Nf6 15. Bg2 O-O 16. O-O b5
17. axb5 axb5 18. Qa5 b4 19. Bb6 Qd7 20. Qxb4 Bc6 21. Qa5 Ra8
22. Qb4 Rab8 23. Qa5 Ra8 24. Qb4 d5 25. Qb3 d4 26. Nd5 Rab8
27. Ra7 Qxa7 28. Bxa7 Rxb3 29. Nxe7+ Kh7 30. cxb3 Bxe4
31. Bxe4+ Nxe4 32. Re1 Nd2 33. Re2 Nxb3 34. Rxe5 Ra8 35. Rxh5#
1-0

[Event "IMSA Elite Mind Games (Blitz)"]
[Site "Huai'an CHN"]
[Date "2016.02.28"]
[EventDate "2016.02.28"]
[Round "7.4"]
[Result "1-0"]
[White "Leinier Dominguez Perez"]
[Black "Laurent Fressinet"]
[WhiteElo "2732"]
[BlackElo "2700"]
[PlyCount "53"]

1. e4 e5 2. Nf3 Nc6 3. Bb5 Nf6 4. O-O Nxe4 5. Re1 Nd6 6. Nxe5
Be7 7. Bd3 Nxe5 8. Rxe5 O-O 9. Nc3 c6 10. Re1 Ne8 11. Qe2 Bd6
12. b3 Bc7 13. Ba3 d6 14. Qh5 Nf6 15. Qh4 h6 16. Ne4 Nxe4
17. Qxe4 f5 18. Qd4 Rf7 19. Re2 d5 20. Rae1 Bd7 21. Re7 Bb6
22. Qf4 Bc7 23. Qf3 Rxe7 24. Rxe7 b6 25. Bxf5 Bxf5 26. Qxf5 c5
27. Qf7+ 1-0

[Event "IMSA Elite Mind Games (Blitz)"]
[Site "Huai'an CHN"]
[Date "2016.02.28"]
[EventDate "2016.02.28"]
[Round "9.3"]
[Result "1/2-1/2"]
[White "Leinier Dominguez Perez"]
[Black "Gabriel Sargissian"]
[WhiteElo "2732"]
[BlackElo "2702"]
[PlyCount "139"]

1. e4 e5 2. Nf3 Nc6 3. Bb5 Nf6 4. O-O Nxe4 5. Re1 Nd6 6. Nxe5
Be7 7. Bf1 Nf5 8. Nf3 d5 9. d4 O-O 10. c3 Bd6 11. Bd3 h6
12. Nbd2 Qf6 13. Nf1 Be6 14. Bd2 Rfe8 15. Qc2 Bd7 16. Qb3 Nce7
17. Ne5 Bxe5 18. Rxe5 Nd6 19. Rae1 Bc6 20. Ng3 Ng6 21. Rxe8+
Rxe8 22. Rxe8+ Nxe8 23. Qd1 Bd7 24. Qb3 Bc6 25. Qa3 a6 26. Nf5
Bd7 27. Ne3 Nf4 28. Bf1 Bb5 29. Bxb5 axb5 30. Qa8 Qc6 31. Nf5
Qe6 32. Ne3 Qc6 33. Qd8 Kh7 34. Qe7 Qe6 35. Qxe6 fxe6 36. Kf1
Nd6 37. b3 Kg8 38. f3 Kf7 39. Ng4 Ng6 40. Ke2 Nf5 41. Nf2 Nfe7
42. Nd3 b6 43. Be1 Ke8 44. g4 Ng8 45. Bg3 Kd7 46. h4 h5
47. gxh5 N6e7 48. Ne5+ Ke8 49. Ng6 c6 50. Be5 Nf5 51. a4 bxa4
52. bxa4 Kd7 53. Bf4 Nf6 54. Ne5+ Ke8 55. Nxc6 Nxh5 56. Be5
Nxh4 57. Na7 Kd8 58. Nb5 Kd7 59. Nd6 Nf5 60. Nxf5 exf5 61. Kd3
g5 62. c4 Kc6 63. cxd5+ Kxd5 64. Bc7 Kc6 65. Bd8 g4 66. fxg4
fxg4 67. d5+ Kxd5 68. Bxb6 Kc6 69. Bf2 Nf4+ 70. Ke4 1/2-1/2

[Event "IMSA Elite Mind Games (Blitz)"]
[Site "Huai'an CHN"]
[Date "2016.02.28"]
[EventDate "2016.02.28"]
[Round "10.7"]
[Result "1-0"]
[White "David Navara"]
[Black "Leinier Dominguez Perez"]
[WhiteElo "2734"]
[BlackElo "2732"]
[PlyCount "93"]

1. c4 c5 2. Nf3 Nf6 3. Nc3 Nc6 4. g3 d5 5. d4 e6 6. cxd5 Nxd5
7. Bg2 cxd4 8. Nxd4 Nxc3 9. bxc3 Nxd4 10. Qxd4 Qxd4 11. cxd4
Bd6 12. a4 Rb8 13. a5 Ke7 14. Be3 a6 15. f4 Bd7 16. Kf2 Bc6
17. Rhb1 Bxg2 18. Kxg2 Rhc8 19. Ra2 Kd7 20. Rab2 Rc7 21. Rb6
f5 22. Bf2 Be7 23. Rxa6 bxa6 24. Rxb8 Bd8 25. Ra8 Rc6 26. Ra7+
Kc8 27. Rxg7 h5 28. Rh7 Bxa5 29. Rxh5 Bc3 30. d5 exd5 31. Rxf5
a5 32. Rxd5 a4 33. Bd4 Bxd4 34. Rxd4 Ra6 35. h4 a3 36. Rd1 a2
37. Ra1 Kd7 38. h5 Ke6 39. Kf3 Ra3+ 40. Kg4 Kf6 41. e4 Ke6
42. e5 Kf7 43. Kh4 Ra4 44. Kg5 Ra8 45. g4 Ke6 46. h6 Kf7
47. Kf5 1-0

[Event "IMSA Elite Mind Games (Blitz)"]
[Site "Huai'an CHN"]
[Date "2016.02.29"]
[EventDate "2016.02.28"]
[Round "13.1"]
[Result "1-0"]
[White "Leinier Dominguez Perez"]
[Black "Li Chao"]
[WhiteElo "2732"]
[BlackElo "2751"]
[PlyCount "123"]

1. d4 Nf6 2. Nf3 g6 3. e3 Bg7 4. Be2 O-O 5. O-O d5 6. b4 a5
7. b5 c5 8. c4 b6 9. Bb2 Ne4 10. cxd5 Bb7 11. Nc3 Nxc3
12. Bxc3 Bxd5 13. Rc1 Nd7 14. a4 Rc8 15. Ba1 e6 16. dxc5 Nxc5
17. Bxg7 Kxg7 18. Nd4 Qf6 19. Bf3 Rfd8 20. Bxd5 Rxd5 21. Qe2
Rcd8 22. Qc4 R8d7 23. h3 h5 24. Nb3 Nd3 25. Rb1 Rg5 26. Nd4
Ne5 27. Qe2 Rxd4 28. exd4 Nf3+ 29. Kh1 Nxd4 30. Qe3 e5
31. Rbc1 Rf5 32. Rc7 Qh4 33. Rcc1 Rf3 34. Qxe5+ f6 35. Qc7+
Kh6 36. gxf3 Qxh3+ 37. Qh2 Qxf3+ 38. Qg2 Qf4 39. Rcd1 Nf3
40. Qg3 Qf5 41. Kg2 Ng5 42. Rfe1 Qc2 43. Qf4 Qb3 44. Qg3 Qxa4
45. Rd6 h4 46. Qe3 Qg4+ 47. Kf1 Qc4+ 48. Qd3 Qf4 49. Re3 Qh2
50. Ke2 Qf4 51. Qd4 Qf5 52. Qxf6 Qxb5+ 53. Kd2 Qb4+ 54. Kc2
Qc4+ 55. Qc3 Qa2+ 56. Kc1 Qxf2 57. Qh8+ Nh7 58. Qd4 Qf1+
59. Kb2 Qg2+ 60. Qd2 Qg5 61. Red3 Kh5 62. R6d5 1-0

[Event "IMSA Elite Mind Games (Blitz)"]
[Site "Huai'an CHN"]
[Date "2016.02.29"]
[EventDate "2016.02.28"]
[Round "14.8"]
[Result "1/2-1/2"]
[White "Leinier Dominguez Perez"]
[Black "Evgeny Tomashevsky"]
[WhiteElo "2732"]
[BlackElo "2728"]
[PlyCount "57"]

1. e4 e5 2. Nf3 Nc6 3. Bb5 a6 4. Ba4 Nf6 5. Nc3 Be7 6. Bxc6
dxc6 7. Nxe5 Nxe4 8. Nxe4 Qd5 9. O-O Qxe5 10. Re1 Be6 11. d3
Qd5 12. Bd2 O-O-O 13. Re3 Rhe8 14. Qe2 Kb8 15. b3 Bc5 16. c4
Qe5 17. Bc3 Bd4 18. Nd2 Qd6 19. Bxd4 Qxd4 20. Re1 Bd7 21. Nf3
Rxe3 22. Qxe3 Qxe3 23. Rxe3 c5 24. Kf1 Re8 25. Ne5 Be6 26. Nf3
Bd7 27. Ne5 Be6 28. Nf3 Bd7 29. Ne5 1/2-1/2

[Event "IMSA Elite Mind Games (Blitz)"]
[Site "Huai'an CHN"]
[Date "2016.02.29"]
[EventDate "2016.02.28"]
[Round "16.7"]
[Result "0-1"]
[White "Vassily Ivanchuk"]
[Black "Leinier Dominguez Perez"]
[WhiteElo "2710"]
[BlackElo "2732"]
[PlyCount "59"]

1. d4 d5 2. Nf3 Nf6 3. c4 dxc4 4. Nc3 a6 5. a4 Nc6 6. e4 Bg4
7. Be3 Bxf3 8. gxf3 e5 9. dxe5 Nxe5 10. f4 Nd3+ 11. Bxd3 cxd3
12. Qb3 Be7 13. O-O-O O-O 14. Rhg1 b5 15. e5 Nd7 16. Rxd3 Qc8
17. Nd5 Bd8 18. Qc2 c6 19. Rc3 c5 20. Bxc5 Nxc5 21. Rxc5 Qh3
22. Qe4 Rb8 23. Rc3 Qh4 24. Rgg3 g6 25. axb5 Rxb5 26. h3 Kh8
27. Qd4 Kg8 28. Kb1 Qh5 29. Rgd3 Qf5 30. Rc2 0-1

[Event "IMSA Elite Mind Games (Blitz)"]
[Site "Huai'an CHN"]
[Date "2016.02.29"]
[EventDate "2016.02.28"]
[Round "17.3"]
[Result "0-1"]
[White "Leinier Dominguez Perez"]
[Black "Rauf Mamedov"]
[WhiteElo "2732"]
[BlackElo "2650"]
[PlyCount "80"]

1. d4 d6 2. Nf3 g6 3. c4 Bg7 4. Nc3 Nf6 5. e4 O-O 6. Be2 e5
7. d5 a5 8. Bg5 Na6 9. Nd2 Nc5 10. O-O h6 11. Be3 Nh7 12. a3
f5 13. b4 axb4 14. axb4 Rxa1 15. Qxa1 Na6 16. Qa3 f4 17. Ba7
g5 18. c5 g4 19. Bb5 Qg5 20. c6 f3 21. Be3 Qh5 22. cxb7 Bxb7
23. Bxa6 fxg2 24. Kxg2 Ra8 25. b5 Bf6 26. Ne2 Qh3+ 27. Kh1 Ng5
28. Ng3 h5 29. Rg1 h4 30. Nf5 Nf3 31. Rg2 Nxd2 32. Qc1 Bxa6
33. bxa6 Nxe4 34. Qc6 Rf8 35. a7 Qf3 36. a8=Q h3 37. Nh6+ Kh7
38. Qd7+ Bg7 39. Qxg4 Qxg2+ 40. Qxg2 hxg2+ 0-1

[Event "IMSA Elite Mind Games (Blitz)"]
[Site "Huai'an CHN"]
[Date "2016.02.29"]
[EventDate "2016.02.28"]
[Round "18.6"]
[Result "1-0"]
[White "Ruslan Ponomariov"]
[Black "Leinier Dominguez Perez"]
[WhiteElo "2712"]
[BlackElo "2732"]
[PlyCount "43"]

1. e4 e5 2. f4 exf4 3. Nf3 g5 4. d4 Bg7 5. Nc3 d6 6. g3 g4
7. Nh4 f3 8. Be3 Nc6 9. Qd2 h5 10. O-O-O Nge7 11. h3 Bd7
12. Bc4 Be6 13. Nd5 Qd7 14. Bb3 Ng6 15. Nf5 Bxf5 16. exf5 Qxf5
17. hxg4 Qxg4 18. Nxc7+ Kd7 19. Nxa8 Rxa8 20. Qf2 Re8 21. Bd5
f5 22. Bxf3 1-0

[Event "IMSA Elite Mind Games (Blitz)"]
[Site "Huai'an CHN"]
[Date "2016.02.29"]
[EventDate "2016.02.28"]
[Round "19.4"]
[Result "1-0"]
[White "Leinier Dominguez Perez"]
[Black "Sergei Movsesian"]
[WhiteElo "2732"]
[BlackElo "2653"]
[PlyCount "59"]

1. d4 Nf6 2. Nf3 d5 3. c4 c6 4. Nc3 a6 5. g3 e6 6. Bg2 dxc4
7. Ne5 b5 8. a4 Bb7 9. O-O Qc8 10. Bg5 Nbd7 11. Qc2 Nd5 12. e4
Nxc3 13. Qxc3 f6 14. Nxd7 Qxd7 15. Be3 Be7 16. b3 cxb3
17. Qxb3 O-O 18. Bh3 Bc8 19. axb5 cxb5 20. d5 Qb7 21. dxe6 Kh8
22. Rac1 a5 23. Qd5 Qxd5 24. exd5 Rd8 25. Rfd1 Bd6 26. Bb6 Re8
27. Rc6 Bb4 28. d6 Bxe6 29. Bxe6 Rxe6 30. d7 1-0

[Event "IMSA Elite Mind Games (Blitz)"]
[Site "Huai'an CHN"]
[Date "2016.02.29"]
[EventDate "2016.02.28"]
[Round "20.5"]
[Result "1/2-1/2"]
[White "Radoslaw Wojtaszek"]
[Black "Leinier Dominguez Perez"]
[WhiteElo "2727"]
[BlackElo "2732"]
[PlyCount "96"]

1. d4 d5 2. c4 dxc4 3. e3 Nf6 4. Bxc4 e6 5. Nf3 a6 6. O-O c5
7. Qe2 b5 8. Bd3 cxd4 9. exd4 Be7 10. a4 bxa4 11. Nc3 O-O
12. Nxa4 Nc6 13. Rd1 Nb4 14. Bc4 Bb7 15. Ne5 Bd5 16. b3 a5
17. Bf4 Rc8 18. h3 Nd7 19. Nxd7 Qxd7 20. Nb6 Qb7 21. Nxc8 Rxc8
22. f3 Qb6 23. Kh1 h6 24. Rac1 Rd8 25. Bd2 Nc6 26. Be3 Nb4
27. Bf2 Bg5 28. Rc3 Bf6 29. Rcc1 Nc6 30. Bxd5 Rxd5 31. Rc5 Ne7
32. Rxd5 Nxd5 33. Qc4 Be7 34. Rc1 Kh7 35. Qd3+ g6 36. Rc8 Qb4
37. Qc2 Bf6 38. Rc4 Qb8 39. Ra4 Bd8 40. Be1 Qf4 41. Qd2 Qf5
42. Rc4 Qb1 43. Qc1 Qxb3 44. Qc2 Qe3 45. Qd2 Qb3 46. Qc2 Qe3
47. Qd2 Qb3 48. Qc2 Qe3 1/2-1/2

[Event "IMSA Elite Mind Games (Blitz)"]
[Site "Huai'an CHN"]
[Date "2016.03.01"]
[EventDate "2016.02.28"]
[Round "21.5"]
[Result "1/2-1/2"]
[White "Leinier Dominguez Perez"]
[Black "Pentala Harikrishna"]
[WhiteElo "2732"]
[BlackElo "2753"]
[PlyCount "77"]

1. d4 Nf6 2. Nf3 d5 3. c4 e6 4. Nc3 c5 5. cxd5 Nxd5 6. e4 Nxc3
7. bxc3 cxd4 8. cxd4 Bb4+ 9. Bd2 Bxd2+ 10. Qxd2 O-O 11. Rc1
Nc6 12. Bb5 Bd7 13. O-O Ne7 14. Bd3 Bc6 15. Rfe1 Ng6 16. Bc4
Qd6 17. d5 exd5 18. exd5 Bd7 19. Ng5 Bf5 20. Ne4 Bxe4 21. Rxe4
Rfe8 22. Rd4 Rac8 23. Rd1 Re7 24. h3 h6 25. Bb3 Rec7 26. Qb4
Rd8 27. Qxd6 Rxd6 28. Re4 Ne7 29. g3 g6 30. Kg2 Kg7 31. h4 a6
32. Rd2 Rcd7 33. Kf3 Rf6+ 34. Rf4 Rfd6 35. Rfd4 Rf6+ 36. Rf4
Rfd6 37. Rfd4 Rf6+ 38. Rf4 Rfd6 39. Rfd4 1/2-1/2

[Event "IMSA Elite Mind Games (Blitz)"]
[Site "Huai'an CHN"]
[Date "2016.03.01"]
[EventDate "2016.02.28"]
[Round "22.4"]
[Result "1/2-1/2"]
[White "Laurent Fressinet"]
[Black "Leinier Dominguez Perez"]
[WhiteElo "2700"]
[BlackElo "2732"]
[PlyCount "85"]

1. Nf3 c5 2. c4 Nf6 3. d4 cxd4 4. Nxd4 Nc6 5. g3 e5 6. Nb5
Bb4+ 7. Bd2 a6 8. Bxb4 axb5 9. Bd6 Qa5+ 10. Nd2 Ne4 11. c5
Nxd6 12. cxd6 h5 13. Bg2 Rh6 14. Qc2 Rxd6 15. Rd1 Kf8 16. O-O
Nd4 17. Qe4 Re6 18. Nb3 Nxb3 19. axb3 d6 20. Qh4 Qb6 21. Qxh5
Rh6 22. Qg5 Be6 23. Bd5 Re8 24. Bxe6 Rexe6 25. Rc1 Re8 26. Rc3
d5 27. Rfc1 Rc6 28. b4 Rc4 29. b3 Rxc3 30. Rxc3 Qd4 31. Rd3
Qxb4 32. Qh5 Kg8 33. Rxd5 Qxb3 34. Rxe5 Rxe5 35. Qxe5 Qb1+
36. Kg2 b4 37. Qe8+ Kh7 38. Qxf7 Qe4+ 39. Kg1 Qb1+ 40. Kg2
Qe4+ 41. Kg1 Qb1+ 42. Kg2 Qe4+ 43. Kg1 1/2-1/2

[Event "IMSA Elite Mind Games (Blitz)"]
[Site "Huai'an CHN"]
[Date "2016.03.01"]
[EventDate "2016.02.28"]
[Round "24.3"]
[Result "1/2-1/2"]
[White "Gabriel Sargissian"]
[Black "Leinier Dominguez Perez"]
[WhiteElo "2702"]
[BlackElo "2732"]
[PlyCount "81"]

1. d4 d5 2. c4 dxc4 3. e3 Nf6 4. Bxc4 e6 5. Nf3 a6 6. O-O c5
7. b3 b5 8. Be2 cxd4 9. Nxd4 Be7 10. a4 bxa4 11. Rxa4 O-O
12. Bb2 Bb7 13. Nd2 Nbd7 14. Nc4 Nb6 15. Ra1 Nxc4 16. Bxc4 Qb6
17. Qe2 Rfd8 18. Bc3 Bb4 19. Bxb4 Qxb4 20. Bxa6 e5 21. Nf3
Bxf3 22. Qxf3 e4 23. Qe2 Qxb3 24. Bc4 Qc3 25. Rac1 Qe5 26. h3
g6 27. Rfd1 Kg7 28. Rxd8 Rxd8 29. Qa2 Rd7 30. Qa1 Qxa1
31. Rxa1 Rc7 32. Bf1 Nd7 33. g4 Ne5 34. Be2 Rc2 35. Kf1 f5
36. gxf5 gxf5 37. Ra5 Kf6 38. Ra6+ Kg5 39. Ra5 Kf6 40. Ra6+
Kg5 41. Ra5 1/2-1/2

[Event "IMSA Elite Mind Games (Blitz)"]
[Site "Huai'an CHN"]
[Date "2016.03.01"]
[EventDate "2016.02.28"]
[Round "25.7"]
[Result "1/2-1/2"]
[White "Leinier Dominguez Perez"]
[Black "David Navara"]
[WhiteElo "2732"]
[BlackElo "2734"]
[PlyCount "133"]

1. d4 Nf6 2. Nf3 e6 3. g3 c5 4. Bg2 cxd4 5. O-O d5 6. Nxd4 e5
7. Nb3 Be6 8. Bg5 Nbd7 9. Nc3 Be7 10. Qd3 O-O 11. e3 Rc8
12. Rfd1 e4 13. Qb5 Qc7 14. Bf4 Qb6 15. Nd4 Bg4 16. Rdc1 a6
17. Qxb6 Nxb6 18. h3 Bd7 19. Bg5 h6 20. Bxf6 Bxf6 21. Nce2 Nc4
22. b3 Na3 23. c3 g5 24. Bf1 Rc7 25. Rd1 Rfc8 26. Rac1 Kf8
27. Kg2 Ke7 28. Kg1 Be6 29. Bg2 Nb5 30. Nxe6 fxe6 31. c4 Nd6
32. cxd5 Rxc1 33. Rxc1 Rxc1+ 34. Nxc1 exd5 35. Kf1 Nb5 36. Ne2
Kd6 37. f3 exf3 38. Bxf3 Na3 39. Ke1 Nc2+ 40. Kd2 Nb4 41. a4
Be5 42. g4 a5 43. Nc1 Bf6 44. Nd3 Nc6 45. Bg2 Bd8 46. e4 d4
47. e5+ Nxe5 48. Bxb7 Nxd3 49. Kxd3 Ke5 50. Kc4 Be7 51. Ba8
Bb4 52. Bb7 Bc3 53. Bc6 Kf4 54. Kd3 Kg3 55. b4 axb4 56. a5 b3
57. a6 b2 58. Kc2 d3+ 59. Kb1 d2 60. Ba4 Bd4 61. a7 Bxa7
62. Kxb2 Kxh3 63. Bd1 Kg3 64. Kc2 Be3 65. Kd3 Bf4 66. Kc2 h5
67. Kd3 1/2-1/2

[Event "IMSA Elite Mind Games (Blitz)"]
[Site "Huai'an CHN"]
[Date "2016.03.01"]
[EventDate "2016.02.28"]
[Round "28.1"]
[Result "0-1"]
[White "Li Chao"]
[Black "Leinier Dominguez Perez"]
[WhiteElo "2751"]
[BlackElo "2732"]
[PlyCount "77"]

1. d4 d5 2. c4 dxc4 3. e4 e5 4. Nf3 Nf6 5. Bxc4 Nxe4 6. O-O
Nd6 7. Nxe5 Nxc4 8. Nxc4 Be7 9. Nc3 O-O 10. Bf4 c6 11. d5 Bb4
12. dxc6 Nxc6 13. Nd5 Be6 14. Nce3 Ba5 15. Rc1 Rc8 16. b4 Bb6
17. b5 Bxe3 18. Nxe3 Nd4 19. Rxc8 Bxc8 20. Be5 Nf5 21. Qg4 Qh4
22. Qxh4 Nxh4 23. Rc1 Nf5 24. Nd5 Be6 25. Nf4 Bxa2 26. Rc7 b6
27. g3 Re8 28. h4 f6 29. Bc3 Re7 30. Rc6 Rd7 31. h5 Ne7 32. h6
Nxc6 33. bxc6 Rc7 34. hxg7 Rxc6 35. Bd4 Kxg7 36. Nh5+ Kf7
37. f4 Bd5 38. g4 a5 39. Be3 0-1

[Event "IMSA Elite Mind Games (Blitz)"]
[Site "Huai'an CHN"]
[Date "2016.03.01"]
[EventDate "2016.02.28"]
[Round "29.8"]
[Result "1/2-1/2"]
[White "Evgeny Tomashevsky"]
[Black "Leinier Dominguez Perez"]
[WhiteElo "2728"]
[BlackElo "2732"]
[PlyCount "82"]

1. e4 c5 2. Nf3 d6 3. Bb5+ Nd7 4. O-O a6 5. Bd3 Ngf6 6. Re1 b5
7. c3 Bb7 8. a4 b4 9. Bc2 Qc7 10. d3 g6 11. Nbd2 bxc3 12. bxc3
Bg7 13. d4 O-O 14. Bd3 cxd4 15. cxd4 e5 16. Ba3 exd4 17. Rc1
Qb8 18. Nc4 Ne8 19. Qd2 Nc5 20. Bxc5 dxc5 21. Nb6 Ra7 22. Nd7
Qd8 23. Nxc5 Bc8 24. e5 Bg4 25. Qf4 Bxf3 26. Qxf3 Nc7 27. Qc6
Nd5 28. Nb7 Qb6 29. Qxd5 Qxb7 30. Qxd4 Qe7 31. Qc5 Re8
32. Qxe7 Raxe7 33. Bxa6 Bxe5 34. g3 Bd4 35. Rxe7 Rxe7 36. Rc2
Ra7 37. Bb5 Kg7 38. Kg2 Bb6 39. Rc6 Ba5 40. Bc4 Rc7 41. Rxc7
Bxc7 1/2-1/2

[Event "Capablanca Memorial (Elite)"]
[Site "Varadero CUB"]
[Date "2016.06.09"]
[EventDate "2016.06.08"]
[Round "1"]
[Result "1/2-1/2"]
[White "Zoltan Almasi"]
[Black "Leinier Dominguez Perez"]
[WhiteElo "2688"]
[BlackElo "2723"]
[PlyCount "77"]

1. Nf3 d5 2. g3 Nf6 3. Bg2 e6 4. c4 Be7 5. O-O O-O 6. b3 c5
7. cxd5 Nxd5 8. Bb2 b6 9. d4 Bb7 10. dxc5 Bxc5 11. Nc3 Nd7
12. Qb1 Rc8 13. Nxd5 Bxd5 14. Rd1 Qe7 15. Nd4 Nf6 16. Bxd5
Nxd5 17. a3 Rfd8 18. Qe4 h6 19. Nf3 b5 20. Kg2 Qb7 21. Qe5 Bf8
22. Rd2 Nf6 23. Rxd8 Rxd8 24. Rc1 Nd5 25. Bd4 a6 26. Bc5 Ne7
27. b4 Rc8 28. Qb2 Nd5 29. Bxf8 Kxf8 30. Kg1 Nb6 31. Ne5 Nc4
32. Nxc4 bxc4 33. a4 Kg8 34. b5 axb5 35. axb5 Rc5 36. b6 Rc6
37. Qd4 Qxb6 38. Qxb6 Rxb6 39. Rxc4 1/2-1/2

[Event "Capablanca Memorial (Elite)"]
[Site "Varadero CUB"]
[Date "2016.06.10"]
[EventDate "2016.06.08"]
[Round "2"]
[Result "1/2-1/2"]
[White "Leinier Dominguez Perez"]
[Black "Lazaro Bruzon Batista"]
[WhiteElo "2723"]
[BlackElo "2681"]
[PlyCount "48"]

1. e4 e5 2. Nf3 Nc6 3. Bb5 Nf6 4. O-O Nxe4 5. Re1 Nd6 6. Nxe5
Be7 7. Bf1 Nxe5 8. Rxe5 O-O 9. Nc3 Ne8 10. Nd5 Bd6 11. Re1 c6
12. Ne3 Be7 13. c4 Nc7 14. d4 d5 15. cxd5 Bb4 16. Bd2 Bxd2
17. Qxd2 Nxd5 18. Nxd5 Qxd5 19. Re5 Qd6 20. Bc4 Bd7 21. Rae1
b5 22. Bb3 a5 23. a4 bxa4 24. Bxa4 Be6 1/2-1/2

[Event "Capablanca Memorial (Elite)"]
[Site "Varadero CUB"]
[Date "2016.06.11"]
[EventDate "2016.06.08"]
[Round "3"]
[Result "1/2-1/2"]
[White "Ivan Cheparinov"]
[Black "Leinier Dominguez Perez"]
[WhiteElo "2687"]
[BlackElo "2723"]
[PlyCount "142"]

1. d4 d5 2. c4 e6 3. Nf3 Nf6 4. Nc3 Be7 5. Bf4 O-O 6. e3 b6
7. Bd3 dxc4 8. Bxc4 Ba6 9. Qe2 Bxc4 10. Qxc4 c5 11. dxc5 Bxc5
12. O-O Nbd7 13. Rfd1 Qc8 14. Ng5 Be7 15. Qe2 Qb7 16. Rac1
Rac8 17. Qf3 Qa6 18. Qe2 Qxe2 19. Nxe2 Nd5 20. Ne4 N7f6
21. N4c3 Nxf4 22. Nxf4 Rfd8 23. Kf1 Rxd1+ 24. Rxd1 Kf8 25. Nd3
a6 26. Ke2 b5 27. Rc1 Nd7 28. Ne4 Rxc1 29. Nxc1 f5 30. Nd2 Bd6
31. h3 Ke7 32. Nd3 Ne5 33. Nxe5 Bxe5 34. b3 Kd6 35. Kd3 Kc5
36. Nf3 Bf6 37. Ne1 Bh4 38. g3 Bf6 39. Nc2 g6 40. e4 a5
41. Ke3 h5 42. Kd3 h4 43. Ke3 hxg3 44. fxg3 Be5 45. exf5 exf5
46. g4 fxg4 47. hxg4 Kd5 48. Na3 Kc6 49. Nc2 Kd5 50. Na3 Kc5
51. Nc2 Bb2 52. Kd3 Kd5 53. Ne3+ Kc5 54. Nc2 Bf6 55. Ne1 Kd5
56. Nf3 g5 57. Ne1 Ke5 58. Ke3 Bd8 59. Nf3+ Kd5 60. Kd3 Bf6
61. Ne1 Ke5 62. Ke3 Be7 63. Nf3+ Kd5 64. Kd3 Kc5 65. Nd4 Bf6
66. Nc2 Kd5 67. Na3 Kc5 68. Nc2 Kd5 69. Na3 Kc5 70. Nc2 Kd5
71. Na3 Ke5 1/2-1/2

[Event "Capablanca Memorial (Elite)"]
[Site "Varadero CUB"]
[Date "2016.06.12"]
[EventDate "2016.06.08"]
[Round "4"]
[Result "1/2-1/2"]
[White "Yuriy Kryvoruchko"]
[Black "Leinier Dominguez Perez"]
[WhiteElo "2682"]
[BlackElo "2723"]
[PlyCount "70"]

1. e4 e5 2. Nf3 Nc6 3. Bc4 Bc5 4. O-O Nf6 5. d3 d6 6. c3 a6
7. Nbd2 O-O 8. Bb3 Re8 9. Re1 Be6 10. Nf1 Bxb3 11. Qxb3 h6
12. Be3 Bxe3 13. Nxe3 Qd7 14. h3 Ne7 15. Nh2 c6 16. Nhg4 Nxg4
17. hxg4 d5 18. Rad1 d4 19. Nc4 Ng6 20. f3 Rad8 21. Qb6 Qe7
22. g3 Rd7 23. Kf2 Red8 24. Ke2 Nf8 25. Qb4 Qf6 26. Nb6 Rd6
27. Nc4 R6d7 28. Nb6 Rd6 29. Nc4 R6d7 30. Nb6 Qg5 31. Kf2 Rd6
32. Nc4 R6d7 33. Nb6 Rd6 34. Nc4 Rf6 35. Qxb7 Ne6 1/2-1/2

[Event "Capablanca Memorial (Elite)"]
[Site "Varadero CUB"]
[Date "2016.06.15"]
[EventDate "2016.06.08"]
[Round "6"]
[Result "1/2-1/2"]
[White "Leinier Dominguez Perez"]
[Black "Zoltan Almasi"]
[WhiteElo "2723"]
[BlackElo "2688"]
[PlyCount "127"]

1. d4 Nf6 2. Nf3 e6 3. g3 d5 4. Bg2 Be7 5. c4 O-O 6. O-O c6
7. Nc3 b6 8. Bf4 Bb7 9. Rc1 Nh5 10. Be5 Na6 11. cxd5 cxd5
12. e4 dxe4 13. Nd2 Nf6 14. Ndxe4 Nxe4 15. Nxe4 Bd5 16. a3 f6
17. Bf4 Qd7 18. Qe2 Qb7 19. Rfe1 Rad8 20. Bf1 g5 21. Nc3 gxf4
22. Nxd5 Qxd5 23. Qxe6+ Qxe6 24. Rxe6 Rf7 25. Bxa6 Rxd4
26. Rc4 Rd1+ 27. Kg2 fxg3 28. hxg3 Rd2 29. b4 f5 30. Bc8 Kg7
31. Rc7 Bf6 32. Rxf7+ Kxf7 33. Re3 f4 34. gxf4 Bd4 35. Rh3
Rxf2+ 36. Kg3 Kg7 37. Kg4 Bb2 38. Rd3 Bc1 39. f5 Rf4+ 40. Kg3
Rc4 41. Be6 Rc7 42. a4 Kf6 43. Kg4 Rg7+ 44. Kh4 Bg5+ 45. Kh5
Bf4 46. Rd8 Rg5+ 47. Kh4 Bg3+ 48. Kh3 Be1 49. Rf8+ Ke5 50. b5
Rg3+ 51. Kh2 Rg7 52. Re8 Bh4 53. Kh3 Bf6 54. Bc8+ Be7 55. Be6
h5 56. Rg8 Rxg8 57. Bxg8 Kxf5 58. Bf7 h4 59. Bb3 Ke4 60. Bd1
Kd3 61. Bb3 Kc3 62. Bd1 Kd2 63. Bb3 Kc3 64. Bd1 1/2-1/2

[Event "Capablanca Memorial (Elite)"]
[Site "Varadero CUB"]
[Date "2016.06.16"]
[EventDate "2016.06.08"]
[Round "7"]
[Result "1/2-1/2"]
[White "Lazaro Bruzon Batista"]
[Black "Leinier Dominguez Perez"]
[WhiteElo "2681"]
[BlackElo "2723"]
[PlyCount "23"]

1. e4 e5 2. Nf3 Nf6 3. Nxe5 d6 4. Nf3 Nxe4 5. Qe2 Qe7 6. d3
Nf6 7. Bg5 Qxe2+ 8. Bxe2 Be7 9. Nc3 c6 10. O-O-O Na6 11. h3
Nc7 12. Rhe1 1/2-1/2

[Event "Capablanca Memorial (Elite)"]
[Site "Varadero CUB"]
[Date "2016.06.17"]
[EventDate "2016.06.08"]
[Round "8"]
[Result "1/2-1/2"]
[White "Leinier Dominguez Perez"]
[Black "Ivan Cheparinov"]
[WhiteElo "2723"]
[BlackElo "2687"]
[PlyCount "77"]

1. d4 Nf6 2. Nf3 d5 3. c4 e6 4. Nc3 Bb4 5. Qb3 c5 6. dxc5 Nc6
7. Bg5 Qa5 8. Bxf6 dxc4 9. Qxc4 gxf6 10. Rc1 Qxc5 11. Qh4 Ke7
12. g3 Bxc3+ 13. bxc3 b6 14. Bg2 Bb7 15. O-O Rac8 16. Rfd1 h5
17. Qf4 Rhd8 18. Nd4 Qg5 19. Nxc6+ Bxc6 20. Qb4+ Qc5 21. Rxd8
Kxd8 22. Qxc5 bxc5 23. c4 Bxg2 24. Kxg2 Rb8 25. Rc3 Rb2
26. Ra3 Rxe2 27. Rxa7 Ke8 28. Ra5 f5 29. a4 Ra2 30. h4 Ke7
31. Rxc5 Rxa4 32. Rc7+ Kf6 33. f4 Ra2+ 34. Kf1 Ra3 35. Kf2
Ra2+ 36. Ke3 Ra3+ 37. Kf2 Ra2+ 38. Ke3 Ra3+ 39. Kf2 1/2-1/2